Associez les emojis à leur nom - Clic Quiz - Statistiques

Statistiques générales
  • Ce quiz a été pris 68 fois
  • Le résultat moyen est 21 sur 40
Statistiques - réponses
Hint Explanation Réponse % Correct
No_entry Panneau Interdit
86%
Neutral_face Visage neutre 😐
84%
Smirk_cat Chat avec sourire en coin 😼
84%
Teacher Professeur 🧑‍🏫
84%
Family_wwbb "wwbb" pour "woman woman boy boy", famille avec deux femmes et deux garçons 👩‍👩‍👦‍👦
82%
Pregnant_man Homme enceint 🫃
80%
Passport_control Contrôle du passeport 🛂
80%
Handshake Poignée de main 🤝
78%
Mx_claus Non-binaire Noël 🧑‍🎄
78%
Woman_bowing Femme qui s'incline 🙇‍♀️
78%
Crossed_flags Drapeaux croisés 🎌
78%
Gem Diamant 💎
74%
Hotsprings Sources chaudes ♨️
72%
Biting_lip Lèvres qui se mordent 🫦
70%
Disguised_face Visage déguisé 🥸
62%
Barber Enseigne de barbier 💈
62%
Waxing_gibbous_moon Lune gibbeuse croissante 🌔
60%
Beaver Castor 🦫
58%
Biohazard Danger biologique ☣️
58%
Japanese_goblin Monstre japonais 👺
54%
Moyai Statue de l'île de Pâques 🗿
54%
Eye_in_speech_bubble Oeil dans une bulle de BD 👁️‍🗨️
50%
Japan La silhouette du Japon 🗾
48%
Underage 18 ans et plus 🔞
48%
Bald Chauve 🦲
44%
Nazar-amulet Nazar boncuk, une amulette religieuse sensée protéger du mauvais oeil 🧿
44%
Diamond_with_a_dot Diamant avec un point 💠
42%
Zany_face Tête de fou 🤪
36%
Flower_playing_cards Hanafuda, un jeu de cartes japonais 🎴
36%
Last_quarter_moon Dernier quartier de lune 🌗
36%
Poodle Caniche 🐩
30%
Relieved Visage soulagé 😌
26%
Rofl "Rolling on the floor laughing", littéralement "roule sur le sol en rigolant" 🤣
22%
Drool Visage qui bave 🤤
22%
Sweat_smile Visage souriant avec une goutte de sueur 😅
20%
Pensive Visage pensif 😔
20%
Disappointed_relieved Visage trite mais soulagé 😥
18%
Ewe Mouton 🐑
12%
Grinning Visage rieur 😀
10%
Name_badge Badge nominatif 📛
10%
Aucun quiz correspondant
Distribution des résultats
% des personnes avec chaque résultat
Percentile par nombre de réponses
Votre historique - résultats
Vous n’avez pas pris ce quiz